[Event "Madrid-ch Previa-A"]
[Site "Madrid"]
[Date "2022.03.15"]
[Round "5"]
[White "Amado Velazquez, Pedro"]
[Black "De Fuenmayor Fernandez, Carlos Pablo"]
[Result "0-1"]
[WhiteElo "1755"]
[BlackElo "1432"]
[PlyCount "49"]
[EventDate "2022.03.07"]
[EventType "swiss"]
[EventRounds "9"]
[EventCountry "ESP"]
[SourceTitle "EXT 2023"]
[Source "ChessBase"]
[SourceDate "2022.10.05"]
[SourceVersion "1"]
[SourceVersionDate "2022.10.05"]
[SourceQuality "1"]

1. Nf3 Nf6 2. g3 d5 3. b3 Bg4 4. Bg2 Qd7 5. Ne5 Qf5 6. Nxg4 Nxg4 7. f3 Nf6 8. Bb2 e5 9. d3 Bb4+ 10. Nd2 0-0 11. 0-0 Bc5+ 12. Kh1 Be3 13. c4 c6 14. b4 d4 15. Qc2 Nbd7 16. Rfd1 h5 17. Nf1 h4 18. Nxe3 dxe3 19. g4 Qf4 20. d4 e4 21. fxe4 Nxg4 22. Kg1 Qf2+ 23. Kh1 h3 24. Rg1 Qf4 25. Bxh3 0-1

[Event "Madrid-ch Previa-A"]
[Site "Madrid"]
[Date "2022.03.14"]
[Round "4"]
[White "De Fuenmayor Fernandez, Carlos Pablo"]
[Black "Ortega Molina, Tomas"]
[Result "1-0"]
[WhiteElo "1432"]
[BlackElo "1627"]
[PlyCount "79"]
[EventDate "2022.03.07"]
[EventType "swiss"]
[EventRounds "9"]
[EventCountry "ESP"]
[SourceTitle "EXT 2023"]
[Source "ChessBase"]
[SourceDate "2022.10.05"]
[SourceVersion "1"]
[SourceVersionDate "2022.10.05"]
[SourceQuality "1"]

1. e4 c5 2. c3 g6 3. d4 cxd4 4. cxd4 Bg7 5. Nf3 d6 6. Nc3 a6 7. Bc4 e6 8. Bg5 Ne7 9. Qd2 h6 10. Bh4 b5 11. Bb3 Bb7 12. a3 Nd7 13. 0-0 g5 14. Bg3 Nf6 15. Qd3 Ng6 16. e5 dxe5 17. Nxe5 Nxe5 18. Bxe5 Nh5 19. Bxg7 Nxg7 20. Rfe1 0-0 21. Bc2 f5 22. Bb3 Bd5 23. Nxd5 exd5 24. Re5 Ra7 25. Rxd5 Qxd5 26. Bxd5+ Kh8 27. Rd1 Rd7 28. Bb3 Rfd8 29. d5 f4 30. Bc2 Nh5 31. Qd4+ Ng7 32. h3 Kg8 33. d6 Kf8 34. Qf6+ Kg8 35. Bb3+ Kh7 36. Bc2+ Kg8 37. Qxh6 Rc8 38. Qh7+ Kf7 39. Bb3+ Kf6 40. Qh6+ 1-0

[Event "Madrid-ch Previa-A"]
[Site "Madrid"]
[Date "2020.02.10"]
[Round "4"]
[White "Martin Rodriguez, Anastasio"]
[Black "De Fuenmayor Fernandez, Carlos Pablo"]
[Result "1-0"]
[WhiteElo "1609"]
[BlackElo "1365"]
[PlyCount "95"]
[EventDate "2020.02.03"]
[EventType "swiss"]
[EventRounds "9"]
[EventCountry "ESP"]
[SourceTitle "EXT 2021"]
[Source "ChessBase"]
[SourceDate "2020.10.23"]
[SourceVersion "1"]
[SourceVersionDate "2020.10.23"]
[SourceQuality "1"]

1. d4 d5 2. Bf4 Nf6 3. e3 c5 4. c3 Nc6 5. Nd2 cxd4 6. cxd4 Bf5 7. Bb5 e6 8. Ngf3 h6 9. Qa4 Nd7 10. Rc1 Bb4 11. Bxc6 Bxd2+ 12. Nxd2 bxc6 13. Qxc6 0-0 14. 0-0 Nf6 15. Qa6 Qb6 16. Qxb6 axb6 17. a3 Rfc8 18. f3 Bd3 19. Rfe1 b5 20. Nb3 Nd7 21. Nc5 Nxc5 22. dxc5 Kf8 23. Rc3 Bf5 24. Rec1 Rc6 25. Rb3 Ra5 26. Bg3 f6 27. Be1 Ra8 28. Rxb5 Bd3 29. Rb6 Rac8 30. Rxc6 Rxc6 31. b4 Bb5 32. a4 Bxa4 33. Ra1 Bb5 34. Ra7 Ra6 35. Rb7 Bc4 36. b5 Ra1 37. Kf2 Rb1 38. c6 Rb2+ 39. Kg3 Bxb5 40. c7 Rc2 41. Rb8+ Ke7 42. c8Q Rxc8 43. Rxc8 e5 44. Rc7+ Kf8 45. Bb4+ Kg8 46. Rc5 Bc4 47. e4 Ba2 48. exd5 1-0

[Event "Alcorcon Spring op-B 1st"]
[Site "Alcorcon"]
[Date "2019.05.26"]
[Round "9"]
[White "De Fuenmayor Fernandez, Carlos Pablo"]
[Black "Gregorio Guerrero, Ivan"]
[Result "1/2-1/2"]
[WhiteElo "1342"]
[BlackElo "1454"]
[PlyCount "118"]
[EventDate "2019.03.24"]
[EventType "swiss"]
[EventRounds "9"]
[EventCountry "ESP"]
[SourceTitle "EXT 2020"]
[Source "ChessBase"]
[SourceDate "2019.10.17"]
[SourceVersion "1"]
[SourceVersionDate "2019.10.17"]
[SourceQuality "1"]

1. d4 e6 2. c4 d5 3. Nc3 Nf6 4. Bf4 Bd6 5. Bxd6 Qxd6 6. e3 0-0 7. Nf3 Nbd7 8. c5 Qe7 9. Bd3 c6 10. 0-0 e5 11. e4 exd4 12. Nxd4 Nxc5 13. exd5 Nxd3 14. Qxd3 cxd5 15. Nf3 Be6 16. Rfe1 Rad8 17. Re5 Qc5 18. Rc1 Ng4 19. Re2 d4 20. b4 Bc4 21. Qe4 Qh5 22. Ree1 dxc3 23. Qxc4 Rc8 24. Qe2 Rfd8 25. Rxc3 h6 26. Rxc8 Rxc8 27. h3 Nf6 28. Qe5 Re8 29. Qxh5 Rxe1+ 30. Nxe1 Nxh5 31. g4 Nf4 32. Kh2 Kf8 33. Kg3 Nd5 34. Nd3 Ke7 35. f4 b5 36. Kf3 Kd6 37. a3 Nc3 38. Nb2 Kd5 39. Ke3 Nb1 40. a4 bxa4 41. Nxa4 Kc4 42. Nc5 Kxb4 43. Kd4 Nc3 44. Nd3+ Kb3 45. Nc5+ Kc2 46. g5 Ne2+ 47. Ke3 Ng1 48. gxh6 gxh6 49. h4 a5 50. Kf2 Nh3+ 51. Kg3 Kc3 52. Kxh3 Kc4 53. Na4 Kb4 54. Nb6 Kb5 55. Nd5 Kc5 56. Nc3 Kd4 57. Nb5+ Kc5 58. Nc3 Kb4 59. Nd5+ Kc5 1/2-1/2

[Event "Alcorcon Spring op-B 1st"]
[Site "Alcorcon"]
[Date "2019.04.07"]
[Round "3"]
[White "De Fuenmayor Fernandez, Carlos Pablo"]
[Black "Gonzalo Cuevas, Gonzalo"]
[Result "0-1"]
[WhiteElo "1342"]
[BlackElo "1686"]
[PlyCount "128"]
[EventDate "2019.03.24"]
[EventType "swiss"]
[EventRounds "9"]
[EventCountry "ESP"]
[SourceTitle "EXT 2020"]
[Source "ChessBase"]
[SourceDate "2019.10.17"]
[SourceVersion "1"]
[SourceVersionDate "2019.10.17"]
[SourceQuality "1"]

1. e4 c5 2. c3 Nc6 3. Nf3 g6 4. d4 cxd4 5. cxd4 Bg7 6. Nc3 a6 7. Bc4 e6 8. 0-0 Nf6 9. e5 Ng4 10. h3 Nh6 11. Bg5 Qb6 12. Ne4 0-0 13. Qd2 Nf5 14. Nf6+ Kh8 15. Rad1 Qb4 16. Qc2 d5 17. exd6 Nxd6 18. Bb3 Na5 19. Rfe1 Nxb3 20. axb3 Ne8 21. Nxe8 Rxe8 22. d5 f6 23. Bd2 Qb6 24. Bc3 Bd7 25. dxe6 Bxe6 26. Bd4 Qxb3 27. Qd2 Rad8 28. Qf4 Rf8 29. Rd2 Qc4 30. Red1 Kg8 31. g4 f5 32. g5 Rd7 33. Ne5 Rxd4 34. Rxd4 Qb3 35. Rb4 Qxd1+ 36. Kg2 Bxe5 37. Qxe5 Qd5+ 38. Qxd5 Bxd5+ 39. Kg3 Re8 40. f4 Kg7 41. Rd4 Bc6 42. b4 Re3+ 43. Kf2 Rxh3 44. Rd6 Rf3+ 45. Ke2 Rxf4 46. Ke3 Re4+ 47. Kd3 Rg4 48. Re6 Rxg5 49. Re7+ Kh6 50. Ke3 Rg4 51. Kd3 Rxb4 52. Kc3 Re4 53. Rf7 a5 54. Kb2 a4 55. Ka3 b5 56. Rf6 Be8 57. Rb6 Kg5 58. Kb2 b4 59. Rd6 a3+ 60. Ka1 b3 61. Rd1 f4 62. Rg1+ Kf5 63. Rd1 f3 64. Rd2 Re1+ 0-1

[Event "Madrid-ch Previa-B"]
[Site "Madrid"]
[Date "2019.02.09"]
[Round "5"]
[White "Largo Barbero, Benito"]
[Black "De Fuenmayor Fernandez, Carlos Pablo"]
[Result "1-0"]
[WhiteElo "1876"]
[BlackElo "1325"]
[PlyCount "115"]
[EventDate "2019.02.01"]
[EventType "swiss"]
[EventRounds "9"]
[EventCountry "ESP"]
[SourceTitle "CBM 189 Extra"]
[Source "ChessBase"]
[SourceDate "2019.06.03"]
[SourceVersion "1"]
[SourceVersionDate "2019.06.03"]
[SourceQuality "1"]

1. d4 Nf6 2. Bf4 d5 3. e3 c5 4. c3 Nc6 5. Nd2 e6 6. Ngf3 Nh5 7. Bg5 f6 8. Bh4 g6 9. Bd3 Ng7 10. Qe2 Nf5 11. Bg3 Nxg3 12. hxg3 f5 13. g4 c4 14. Bc2 Bg7 15. gxf5 exf5 16. Nh2 Qe7 17. b3 b5 18. a4 b4 19. bxc4 bxc3 20. Nb3 Ba6 21. Bd3 Nb4 22. Nc5 Nxd3+ 23. Qxd3 Bxc4 24. Qd1 Rb8 25. Rc1 Rb2 26. Nf3 Re2+ 27. Qxe2 Bxe2 28. Kxe2 0-0 29. Rxc3 Rc8 30. Rb1 Bxd4 31. Nxd4 Rxc5 32. Rb8+ Kf7 33. Rcb3 Rc7 34. Rh8 Kf6 35. Rbb8 Qc5 36. Rbf8+ Rf7 37. Rc8 Qa3 38. Rc6+ Kg7 39. Ne6+ Kxh8 40. Rc8+ Rf8 41. Rxf8+ Qxf8 42. Nxf8 Kg7 43. Ne6+ Kf6 44. Nc7 Ke5 45. a5 h5 46. Nb5 a6 47. Nc7 g5 48. Nxa6 g4 49. g3 d4 50. Nb4 dxe3 51. Kxe3 f4+ 52. gxf4+ Kd6 53. f5 h4 54. Kf4 g3 55. fxg3 h3 56. Kf3 Kc5 57. Nd3+ Kc4 58. Nf2 1-0